[Event "Hamedan op"]
[Site "Hamedan"]
[Date "2017.08.13"]
[Round "3"]
[White "Shaabani, Amin"]
[Black "Aghaei, Alireza"]
[Result "0-1"]
[WhiteElo "1993"]
[BlackElo "2234"]
[PlyCount "102"]
[EventDate "2017.08.12"]
[EventType "swiss"]
[EventRounds "11"]
[EventCountry "IRI"]
[SourceTitle "CBM 180 Extra"]
[Source "ChessBase"]
[SourceDate "2017.10.06"]
[SourceVersion "1"]
[SourceVersionDate "2017.10.06"]
[SourceQuality "1"]

1. Nf3 Nf6 2. d4 g6 3. g3 Bg7 4. Bg2 0-0 5. c4 d5 6. Nc3 dxc4 7. Ne5 c6 8. Nxc4 Be6 9. Ne5 Nbd7 10. Nf3 Nd5 11. 0-0 Nxc3 12. bxc3 Bd5 13. Qc2 e5 14. Bb2 Re8 15. e4 Bc4 16. Rfd1 Qa5 17. Nd2 Ba6 18. Nb3 Qa4 19. d5 cxd5 20. Rxd5 Bc4 21. Rd2 Rac8 22. Nd4 Nb6 23. Nb3 Bf8 24. Qd1 Be6 25. Bf1 Qxe4 26. Bg2 Qa4 27. Bxb7 Rc7 28. Bf3 Nc4 29. Re2 Nxb2 30. Rxb2 Rxc3 31. Nd2 Qxd1+ 32. Bxd1 Rec8 33. Kg2 Bd5+ 34. f3 Rc1 35. Rxc1 Rxc1 36. Ba4 Ba3 37. Rb5 Rc5 38. Rb8+ Kg7 39. Ne4 Rc1 40. Bb3 Bxb3 41. axb3 Rc2+ 42. Kh3 Rc7 43. Nd2 Bc5 44. Nc4 Bd4 45. Nd6 Rc2 46. Rb7 Bg1 47. Nxf7 Rxh2+ 48. Kg4 Kf6 49. f4 e4 50. f5 Be3 51. Nh6 gxf5+ 0-1